<?xml version="1.0" encoding="UTF-8"?>
<record
    xmlns:xsi="http://www.w3.org/2001/XMLSchema-instance"
    xsi:schemaLocation="http://www.loc.gov/MARC21/slim http://www.loc.gov/standards/marcxml/schema/MARC21slim.xsd"
    xmlns="http://www.loc.gov/MARC21/slim">

  <leader>00885nam a22002177a 4500</leader>
  <controlfield tag="003">BI-BuBU</controlfield>
  <controlfield tag="008">100312t        bd||||dr|||| 000 0dfre d</controlfield>
  <datafield tag="039" ind1=" " ind2=" ">
    <subfield code="a">mgn</subfield>
  </datafield>
  <datafield tag="040" ind1=" " ind2=" ">
    <subfield code="a">BI-BuBU</subfield>
    <subfield code="b">fre</subfield>
    <subfield code="c">BI-BuBU</subfield>
  </datafield>
  <datafield tag="080" ind1=" " ind2=" ">
    <subfield code="a">635.652.</subfield>
  </datafield>
  <datafield tag="100" ind1="1" ind2=" ">
    <subfield code="4">aut</subfield>
    <subfield code="a">Godderis,W.</subfield>
    <subfield code="9">17100</subfield>
  </datafield>
  <datafield tag="245" ind1="1" ind2=" ">
    <subfield code="a">Vari&#xE9;t&#xE9;s de haricot au Burundi</subfield>
    <subfield code="b">Diffus&#xE9;es- Recommand&#xE9;es- propos&#xE9;es</subfield>
    <subfield code="c">W. Godderis, V. Schmit</subfield>
  </datafield>
  <datafield tag="260" ind1=" " ind2=" ">
    <subfield code="a">Bujumbura</subfield>
    <subfield code="b">ISABU</subfield>
    <subfield code="c">1993</subfield>
  </datafield>
  <datafield tag="300" ind1=" " ind2=" ">
    <subfield code="a">52 p.</subfield>
    <subfield code="b">ill., couv.ill. en coul.</subfield>
    <subfield code="c">22 cm.</subfield>
  </datafield>
  <datafield tag="650" ind1=" " ind2="7">
    <subfield code="2">BI-BuBU</subfield>
    <subfield code="a">haricot. Vari&#xE9;t&#xE9;</subfield>
    <subfield code="z">Burundi</subfield>
    <subfield code="9">17101</subfield>
  </datafield>
  <datafield tag="700" ind1=" " ind2=" ">
    <subfield code="4">aut</subfield>
    <subfield code="a">Schmit, V.</subfield>
    <subfield code="9">17102</subfield>
  </datafield>
  <datafield tag="942" ind1=" " ind2=" ">
    <subfield code="2">ddc</subfield>
    <subfield code="c">BK</subfield>
  </datafield>
  <datafield tag="999" ind1=" " ind2=" ">
    <subfield code="c">4612</subfield>
    <subfield code="d">4612</subfield>
  </datafield>
  <datafield tag="952" ind1=" " ind2=" ">
    <subfield code="0">0</subfield>
    <subfield code="1">0</subfield>
    <subfield code="2">udc</subfield>
    <subfield code="4">0</subfield>
    <subfield code="7">0</subfield>
    <subfield code="9">5902</subfield>
    <subfield code="a">BISA </subfield>
    <subfield code="b">BISA </subfield>
    <subfield code="d">2010-03-12</subfield>
    <subfield code="e">Fonds Facagro</subfield>
    <subfield code="l">0</subfield>
    <subfield code="o">635.652.GOD. EX1</subfield>
    <subfield code="p">5030000003614</subfield>
    <subfield code="r">2010-03-12</subfield>
    <subfield code="t">1</subfield>
    <subfield code="w">2010-03-12</subfield>
    <subfield code="y">BK</subfield>
  </datafield>
  <datafield tag="952" ind1=" " ind2=" ">
    <subfield code="0">0</subfield>
    <subfield code="1">0</subfield>
    <subfield code="2">udc</subfield>
    <subfield code="4">0</subfield>
    <subfield code="7">0</subfield>
    <subfield code="9">5903</subfield>
    <subfield code="a">BCV</subfield>
    <subfield code="b">BCV</subfield>
    <subfield code="d">2010-03-12</subfield>
    <subfield code="e">Fonds Facagro</subfield>
    <subfield code="l">0</subfield>
    <subfield code="o">635.652.GOD.EX2</subfield>
    <subfield code="p">5030000003607</subfield>
    <subfield code="r">2010-03-12</subfield>
    <subfield code="t">2</subfield>
    <subfield code="w">2010-03-12</subfield>
    <subfield code="y">BK</subfield>
  </datafield>
</record>
